[Event "Zupanja op 5th"]
[Site "Zupanja"]
[Date "2011.08.19"]
[Round "1"]
[White "Lujic, Simo"]
[Black "Dizdarevic, Emir"]
[Result "0-1"]
[WhiteElo "1958"]
[BlackElo "2481"]
[PlyCount "81"]
[EventDate "2011.08.19"]
[EventType "swiss"]
[EventRounds "9"]
[EventCountry "CRO"]
[SourceTitle "CBM 143 Extra"]
[Source "ChessBase"]
[SourceDate "2011.08.29"]
[SourceVersion "1"]
[SourceVersionDate "2011.08.29"]
[SourceQuality "1"]

1. d4 Nf6 2. c4 b6 3. Nf3 Bb7 4. e3 e6 5. Nc3 Bb4 6. a3 Bxc3+ 7. bxc3 Nc6 8. Bb2 Na5 9. Be2 0-0 10. 0-0 d6 11. Nd2 Ba6 12. Qa4 Qd7 13. Qxd7 Nxd7 14. Rfe1 Rac8 15. Rac1 c5 16. Ne4 Nb7 17. a4 f5 18. Nd2 Kf7 19. Nb3 Na5 20. Nd2 Ke7 21. Ba3 Nf6 22. f3 e5 23. h3 Rc7 24. g3 Kf7 25. Kf2 Re8 26. Red1 Rce7 27. d5 g5 28. Bf1 h5 29. e4 fxe4 30. fxe4 Kg6 31. Kg2 Bc8 32. Bd3 Bd7 33. Bc2 Rf8 34. Rf1 Ref7 35. Rf2 h4 36. g4 Bxg4 37. hxg4 Nxg4 38. Rxf7 Rxf7 39. Bd1 Ne3+ 40. Kh3 Rf2 41. Nb3 0-1